Химические средства защиты растений: средства защиты растений от сорной растительности (Запись № 12235239)

Подробности
000 -МАРКЕР
контрольное поле 03351nam0a2200373 4500
001 - ИДЕНТИФИКАТОР ЗАПИСИ
контрольное поле RU\NLR\BIBL_A\012502123
005 - ИДЕНТИФИКАТОР ВЕРСИИ
контрольное поле 20210428163901.0
010 ## - МЕЖДУНАРОДНЫЙ СТАНДАРТНЫЙ НОМЕР КНИГИ (ISBN)
Номер (ISBN) 978-5-7810-1991-5
Тираж 50
021 ## - НОМЕР ГОСУДАРСТВЕННОЙ РЕГИСТРАЦИИ
Код страны Российская Федерация
Номер КН-П-20-079185
Номер Листа государственной регистраци КН-П-20-6001
035 ## - ДРУГИЕ СИСТЕМНЫЕ НОМЕРА
Идентификатор записи (NLR Aleph) 012502123
035 ## - ДРУГИЕ СИСТЕМНЫЕ НОМЕРА
Идентификатор записи (RuMoRGB)010509188
100 ## - ДАННЫЕ ОБЩЕЙ ОБРАБОТКИ
Данные общей обработки 20210413d2020 u y0rusy50 ca
101 0# - ЯЗЫК РЕСУРСА
Язык текста, звукозаписи и т.д. русский
102 ## - СТРАНА ПУБЛИКАЦИИ ИЛИ ПРОИЗВОДСТВА
Страна публикации Российская Федерация
105 ## - ПОЛЕ КОДИРОВАННЫХ ДАННЫХ: ТЕКСТОВЫЕ МАТЕРИАЛЫ, МОНОГРАФИЧЕСКИЕ
Кодированные данные о монографическом текстовом документе a|||j|||000zy
181 #0 - ПОЛЕ КОДИРОВАННЫХ ДАННЫХ: ВИД СОДЕРЖАНИЯ
Код вида содержания (ISBD) i3
Код характеристики содержания (ISBD) axxe
182 #0 - ПОЛЕ КОДИРОВАННЫХ ДАННЫХ: ТИП СРЕДСТВА
Код типа средства (ISBD) n - непосредственное
200 1# - ЗАГЛАВИЕ И СВЕДЕНИЯ ОБ ОТВЕТСТВЕННОСТИ
Основное заглавие Химические средства защиты растений: средства защиты растений от сорной растительности
Сведения, относящиеся к заглавию гербициды
-- учебно-методический комплекс по дисциплине
-- учебное пособие
-- для студентов, обучающихся по направлениям подготовки 35.03.04 Агрономия, аспирантам, обучающимся по ОПОП 35.06.01 Сельское хозяйство. Профиль: 06.01.01 Общее земледелие, 06.06.01 Биологические науки. Профиль: Экология, по дисциплине Б1.В.ОД.КЭ.2 "Ландшафтоведение южных регионов Сибири", для магистрантов, обучающихся по направлению подготовки 06.04.01 Биология по программе "Сохранение биоразнообразия и рациональное природопользование" по дисциплине Б1.В.ОД.10 "Региональная экология" и направлению подготовки 05.03.06 Экология и природопользование по профилю "Природопользование"
Первые сведения об ответственности Министерство науки и высшего образования Российской Федерации, Федеральное государственное бюджетное образовательное учреждение высшего образования "Хакасский государственный университет им. Н.Ф. Катанова"
Последующие сведения об ответственности сост.: С.М. Чарков, Н.В. Боргоякова
203 ## - ВИД СОДЕРЖАНИЯ И ТИП СРЕДСТВА
Вид содержания Текст
Дополнительные сведения об издании визуальный
Тип средства непосредственный
210 ## - ПУБЛИКАЦИЯ, РАСПРОСТРАНЕНИЕ И ДР.
Место издания, распространения и т.д. Абакан
Имя издателя, распространителя и т. д. Изд-во ФГБОУ ВО "Хакасский государственный университет им. Н.Ф. Катанова"
Дата издания, распространения и т.д. 2020
215 ## - ФИЗИЧЕСКАЯ ХАРАКТЕРИСТИКА
Специфическое обозначение материала и объем 244, [1] с.
Другие сведения о физической характеристике ил., табл.
Размеры 21
320 ## - ПРИМЕЧАНИЯ О НАЛИЧИИ В ДОКУМЕНТЕ БИБЛИОГРАФИИ / УКАЗАТЕЛЯ
Текст примечания Библиогр.: с. 241 (15 назв.)
517 1# - ДРУГИЕ ВАРИАНТЫ ЗАГЛАВИЯ
Вариант заглавия Гербициды
606 1# - НАИМЕНОВАНИЕ ТЕМЫ КАК ПРЕДМЕТ
Наименование темы Сорные растения
Формальный подзаголовок Учебные издания для высших учебных заведений
Тематический подзаголовок Уничтожение
-- Применение гербицидов
Системный номер авторитетной/нормативной записи 1092615
Идентификатор авторитетной/нормативной записи RU\NLR\AUTH\66109736
686 1# - ИНДЕКСЫ ДРУГИХ КЛАССИФИКАЦИЙ
Индекс П146.752я73
702 #1 - ИМЯ ЛИЦА - ВТОРИЧНАЯ ОТВЕТСТВЕННОСТЬ
Начальный элемент ввода Чарков
Часть имени, кроме начального элемента ввода С. М.
Расширение инициалов личного имени Сергей Михайлович
Код отношения Составитель
712 02 - НАИМЕНОВАНИЕ ОРГАНИЗАЦИИ - ВТОРИЧНАЯ ОТВЕТСТВЕННОСТЬ
Код отношения Издающая организация
Начальный элемент ввода Хакасский государственный университет им. Н. Ф. Катанова
Идентифицирующий признак Абакан
Системный номер авторитетной/нормативной записи 395994
Идентификатор авторитетной/нормативной записи RU\NLR\AUTH\889950109
942 ## - ДОПОЛНИТЕЛЬНЫЕ ЭЛЕМЕНТЫ ЗАПИСИ (АБИС)
Тип экземпляра АБИС Книга
980 ## - КОЛЛЕКЦИЯ
Название коллекции НБР
980 ## - КОЛЛЕКЦИЯ
Название коллекции Национальная библиография

Нет доступных экземпляров.